Sports Quiz

Random Sports or Football Quiz

College Football Team by Stadium (photos) Quiz Stats

 Plays Quiz not verified by Sporcle

Challenge
Share
Tweet
Score 0/20 Timer 06:00
0 Plays Today
# football team % Correct
1Ohio State
90.2%
4Michigan
52%
2LSU
49.3%
5USC
44.2%
9UCLA
37%
8Alabama
36.4%
18Texas A&M
36.1%
16Washington
34.4%
14Penn State
32.9%
10Tennessee
32.4%
# football team % Correct
20Wisconsin
26.7%
7Oklahoma
25.6%
11Notre Dame
24.1%
13Florida State
23.8%
17Florida
23.5%
6Nebraska
19.5%
15Georgia
18.6%
19Auburn
14.7%
12Georgia Tech
13.7%
3Arizona State
10.5%

You're not logged in!

Compare scores with friends on all Sporcle quizzes.
OR
Log In

You Might Also Like...

Show Comments

Extras

Top Quizzes Today


Score Distribution

Your Account Isn't Verified!

In order to create a playlist on Sporcle, you need to verify the email address you used during registration. Go to your Sporcle Settings to finish the process.

Report this User

Report this user for behavior that violates our Community Guidelines.

Details: